000 00793nam a22002177a 4500
999 _c5403
_d5403
003 AR-CdUCM
008 190312b ||||| |||| 00| 0 spa d
040 _aMUNICIPALIDAD PROVINCIAL DEL CUSCO
_cBIBLIOTECA MUNICIPAL DEL CUSCO
082 _22ed.
_a985.03 /
_bB96
100 _aBusto Duthurburu, José Antonio del
_9272
245 _aFrancisco Pizarro :
_b el marqués gobernador /
260 _aLima :
_bUniverso,
_c1978.
300 _a291 paginas ;
_c21 cm.
505 _aLos años extremeños -- La carrera de las armas -- Por la mar del sur -- Recurso a la autoridad del rey -- La expedición definitiva ...
650 _aConquistadores
_91283
650 _aBiografía
_922
650 _aEspaña
_9176
650 _aDescubrimiento y Conquista
_92362
942 _2ddc
_cLIBROS
945 _aacv